| 000 | 00776nam a22002057a 4500 | ||
|---|---|---|---|
| 001 | 85589 | ||
| 003 | BD-RjUL | ||
| 005 | 20250827170847.0 | ||
| 008 | 250827s1976 ii ||||| |||| 00| 0 urd d | ||
| 035 | _a(BD-RjUL)85589 | ||
| 040 |
_aBD-RjUL _beng _cBD-RjUL |
||
| 041 | _aurd | ||
| 082 |
_223 _a891.43909 _bKHH 1976 |
||
| 100 |
_aخاں، ىوسف حسین ;;; Khan, Yusuf Hussain _916694 |
||
| 245 |
_aحافظ اور اقبال / Ḥāfiz̤ aur Iqbāl / _cیوسف حسین خاں., ، author (Author) / Yūsuf Ḥusain K̲h̲ān̲., Yusuf Husain Khan (Author) |
||
| 260 |
_a Naʼī Dihlī: _b غالب اکىڈمى،, / G̲h̲ālib Akaiḍmī, _c1976 |
||
| 300 |
_a422 pages : _billustrations ; _c 23 cm |
||
| 650 |
_aUrdu poetry _v History and criticism |
||
| 942 |
_2ddc _cBK |
||
| 999 |
_c85589 _d85589 |
||